Bezpečnosť potravín súvisí s dôverou

Štátna veterinárna a potravinová správa (ŠVPS) bdie nad bezpečnosťou potravín, ktorá je prvým a najdôležitejším predpokladom ich kvality, lebo bezprostredne súvisí so zdravím ľudí. Nevyhnutnosť kontroly dodržiavania štandardnej kvality potravinárskych výrobkov. Čo všetko našli inšpektori v obchodoch...

Descrizione completa

Salvato in:
Dettagli Bibliografici
Autore principale: Vojtková, Viera
Natura: Capitolo di libro
Lingua:slovacco
Soggetti:
Tags: Aggiungi Tag
Nessun Tag, puoi essere il primo ad aggiungerne!!

MARC

LEADER 00000naa$a2200000$$$4500
001 0102243
005 20231109065714.1
041 0 |a slo 
044 |a SK 
245 1 0 |a Bezpečnosť potravín súvisí s dôverou  |c Viera Vojtková 
520 |a Štátna veterinárna a potravinová správa (ŠVPS) bdie nad bezpečnosťou potravín, ktorá je prvým a najdôležitejším predpokladom ich kvality, lebo bezprostredne súvisí so zdravím ľudí. Nevyhnutnosť kontroly dodržiavania štandardnej kvality potravinárskych výrobkov. Čo všetko našli inšpektori v obchodoch - zoznam prehreškov. 
610 2 0 |a potraviny 
610 2 0 |a bezpečnosť potravinová 
610 2 0 |a kvalita výrobkov 
610 2 0 |a kontrola kvality 
610 2 0 |a Slovensko 
100 1 |a Vojtková, Viera